<?xml version="1.0" encoding="UTF-8"?>
<record
    xmlns:xsi="http://www.w3.org/2001/XMLSchema-instance"
    xsi:schemaLocation="http://www.loc.gov/MARC21/slim http://www.loc.gov/standards/marcxml/schema/MARC21slim.xsd"
    xmlns="http://www.loc.gov/MARC21/slim">

  <leader>00703nam a2200229Ia 4500</leader>
  <controlfield tag="005">20220215133854.0</controlfield>
  <controlfield tag="008">210716s2009    xx            000 0 und d</controlfield>
  <datafield tag="020" ind1=" " ind2=" ">
    <subfield code="a">9788184881325</subfield>
  </datafield>
  <datafield tag="040" ind1=" " ind2=" ">
    <subfield code="c">AIMIT LIBRARY</subfield>
  </datafield>
  <datafield tag="041" ind1=" " ind2=" ">
    <subfield code="a">eng</subfield>
  </datafield>
  <datafield tag="082" ind1=" " ind2=" ">
    <subfield code="a">651.7</subfield>
    <subfield code="2">8</subfield>
    <subfield code="b">RAYC</subfield>
  </datafield>
  <datafield tag="100" ind1=" " ind2=" ">
    <subfield code="a">Rayudu, C S.</subfield>
    <subfield code="9">19955</subfield>
  </datafield>
  <datafield tag="245" ind1=" " ind2=" ">
    <subfield code="a">Communication /</subfield>
    <subfield code="c">By C. S. Raydu.</subfield>
  </datafield>
  <datafield tag="250" ind1=" " ind2=" ">
    <subfield code="a">8th ed.</subfield>
    <subfield code="b">Revised edition.</subfield>
  </datafield>
  <datafield tag="260" ind1=" " ind2=" ">
    <subfield code="a">New Delhi :</subfield>
    <subfield code="b">Himalaya Publishing House ,</subfield>
    <subfield code="c">2009.</subfield>
  </datafield>
  <datafield tag="300" ind1=" " ind2=" ">
    <subfield code="a">712p. ;</subfield>
    <subfield code="c">24 cm.</subfield>
  </datafield>
  <datafield tag="650" ind1=" " ind2=" ">
    <subfield code="a">Business Communication</subfield>
    <subfield code="9">19956</subfield>
  </datafield>
  <datafield tag="650" ind1=" " ind2=" ">
    <subfield code="a">Effective Writing   </subfield>
    <subfield code="9">19957</subfield>
  </datafield>
  <datafield tag="650" ind1=" " ind2=" ">
    <subfield code="a">Art of Listening</subfield>
    <subfield code="9">19958</subfield>
  </datafield>
  <datafield tag="650" ind1=" " ind2=" ">
    <subfield code="a">Non Verbal communication and skills</subfield>
    <subfield code="9">19959</subfield>
  </datafield>
  <datafield tag="942" ind1=" " ind2=" ">
    <subfield code="2">ddc</subfield>
    <subfield code="c">BK</subfield>
    <subfield code="e">8th</subfield>
    <subfield code="k">651.7 RAYC</subfield>
  </datafield>
  <datafield tag="999" ind1=" " ind2=" ">
    <subfield code="c">204466</subfield>
    <subfield code="d">204466</subfield>
  </datafield>
  <datafield tag="952" ind1=" " ind2=" ">
    <subfield code="0">0</subfield>
    <subfield code="1">0</subfield>
    <subfield code="2">ddc</subfield>
    <subfield code="4">0</subfield>
    <subfield code="7">0</subfield>
    <subfield code="8">MBA</subfield>
    <subfield code="a">AIMIT</subfield>
    <subfield code="b">AIMIT</subfield>
    <subfield code="d">2009-11-09</subfield>
    <subfield code="g">398.00</subfield>
    <subfield code="i">Bill no:9992; Bill dt:2009-11-06</subfield>
    <subfield code="l">0</subfield>
    <subfield code="o">651.7 RAYC</subfield>
    <subfield code="p">MBA07032</subfield>
    <subfield code="r">2025-07-21 00:00:00</subfield>
    <subfield code="v">298.50</subfield>
    <subfield code="w">2021-07-16</subfield>
    <subfield code="y">BK</subfield>
  </datafield>
  <datafield tag="952" ind1=" " ind2=" ">
    <subfield code="0">0</subfield>
    <subfield code="1">0</subfield>
    <subfield code="2">ddc</subfield>
    <subfield code="4">0</subfield>
    <subfield code="7">0</subfield>
    <subfield code="8">MBA</subfield>
    <subfield code="a">AIMIT</subfield>
    <subfield code="b">AIMIT</subfield>
    <subfield code="d">2009-11-09</subfield>
    <subfield code="g">398.00</subfield>
    <subfield code="i">Bill no:9992; Bill dt:2009-11-06</subfield>
    <subfield code="l">0</subfield>
    <subfield code="o">651.7 RAYC</subfield>
    <subfield code="p">MBA07033</subfield>
    <subfield code="r">2025-07-21 00:00:00</subfield>
    <subfield code="v">298.50</subfield>
    <subfield code="w">2021-07-16</subfield>
    <subfield code="y">BK</subfield>
  </datafield>
  <datafield tag="952" ind1=" " ind2=" ">
    <subfield code="0">0</subfield>
    <subfield code="1">0</subfield>
    <subfield code="2">ddc</subfield>
    <subfield code="4">0</subfield>
    <subfield code="7">0</subfield>
    <subfield code="8">MBA</subfield>
    <subfield code="a">AIMIT</subfield>
    <subfield code="b">AIMIT</subfield>
    <subfield code="d">2009-11-09</subfield>
    <subfield code="g">398.00</subfield>
    <subfield code="i">Bill no:9992; Bill dt:2009-11-06</subfield>
    <subfield code="l">0</subfield>
    <subfield code="o">651.7 RAYC</subfield>
    <subfield code="p">MBA07034</subfield>
    <subfield code="r">2025-07-21 00:00:00</subfield>
    <subfield code="v">298.50</subfield>
    <subfield code="w">2021-07-16</subfield>
    <subfield code="y">BK</subfield>
  </datafield>
  <datafield tag="952" ind1=" " ind2=" ">
    <subfield code="0">0</subfield>
    <subfield code="1">0</subfield>
    <subfield code="2">ddc</subfield>
    <subfield code="4">0</subfield>
    <subfield code="7">0</subfield>
    <subfield code="8">MBA</subfield>
    <subfield code="a">AIMIT</subfield>
    <subfield code="b">AIMIT</subfield>
    <subfield code="d">2009-11-09</subfield>
    <subfield code="g">398.00</subfield>
    <subfield code="i">Bill no:9992; Bill dt:2009-11-06</subfield>
    <subfield code="l">0</subfield>
    <subfield code="o">651.7 RAYC</subfield>
    <subfield code="p">MBA07035</subfield>
    <subfield code="r">2025-07-21 00:00:00</subfield>
    <subfield code="v">298.50</subfield>
    <subfield code="w">2021-07-16</subfield>
    <subfield code="y">BK</subfield>
  </datafield>
  <datafield tag="952" ind1=" " ind2=" ">
    <subfield code="0">0</subfield>
    <subfield code="1">0</subfield>
    <subfield code="2">ddc</subfield>
    <subfield code="4">0</subfield>
    <subfield code="7">0</subfield>
    <subfield code="8">MBA</subfield>
    <subfield code="a">AIMIT</subfield>
    <subfield code="b">AIMIT</subfield>
    <subfield code="d">2009-11-09</subfield>
    <subfield code="g">398.00</subfield>
    <subfield code="i">Bill no:9992; Bill dt:2009-11-06</subfield>
    <subfield code="l">0</subfield>
    <subfield code="o">651.7 RAYC</subfield>
    <subfield code="p">MBA07036</subfield>
    <subfield code="r">2025-07-21 00:00:00</subfield>
    <subfield code="v">298.50</subfield>
    <subfield code="w">2021-07-16</subfield>
    <subfield code="y">BK</subfield>
  </datafield>
  <datafield tag="952" ind1=" " ind2=" ">
    <subfield code="0">0</subfield>
    <subfield code="1">0</subfield>
    <subfield code="2">ddc</subfield>
    <subfield code="4">0</subfield>
    <subfield code="7">0</subfield>
    <subfield code="8">MBA</subfield>
    <subfield code="a">AIMIT</subfield>
    <subfield code="b">AIMIT</subfield>
    <subfield code="d">2009-11-09</subfield>
    <subfield code="g">398.00</subfield>
    <subfield code="i">Bill no:9992; Bill dt:2009-11-06</subfield>
    <subfield code="l">0</subfield>
    <subfield code="o">651.7 RAYC</subfield>
    <subfield code="p">MBA07037</subfield>
    <subfield code="r">2025-07-21 00:00:00</subfield>
    <subfield code="v">298.50</subfield>
    <subfield code="w">2021-07-16</subfield>
    <subfield code="y">BK</subfield>
  </datafield>
  <datafield tag="952" ind1=" " ind2=" ">
    <subfield code="0">0</subfield>
    <subfield code="1">0</subfield>
    <subfield code="2">ddc</subfield>
    <subfield code="4">0</subfield>
    <subfield code="7">0</subfield>
    <subfield code="8">MBA</subfield>
    <subfield code="a">AIMIT</subfield>
    <subfield code="b">AIMIT</subfield>
    <subfield code="d">2009-11-09</subfield>
    <subfield code="g">398.00</subfield>
    <subfield code="i">Bill no:9992; Bill dt:2009-11-06</subfield>
    <subfield code="l">0</subfield>
    <subfield code="o">651.7 RAYC</subfield>
    <subfield code="p">MBA07038</subfield>
    <subfield code="r">2025-07-21 00:00:00</subfield>
    <subfield code="v">298.50</subfield>
    <subfield code="w">2021-07-16</subfield>
    <subfield code="y">BK</subfield>
  </datafield>
  <datafield tag="952" ind1=" " ind2=" ">
    <subfield code="0">0</subfield>
    <subfield code="1">0</subfield>
    <subfield code="2">ddc</subfield>
    <subfield code="4">0</subfield>
    <subfield code="7">0</subfield>
    <subfield code="8">MBA</subfield>
    <subfield code="a">AIMIT</subfield>
    <subfield code="b">AIMIT</subfield>
    <subfield code="d">2009-11-09</subfield>
    <subfield code="g">398.00</subfield>
    <subfield code="i">Bill no:9992; Bill dt:2009-11-06</subfield>
    <subfield code="l">4</subfield>
    <subfield code="o">651.7 RAYC</subfield>
    <subfield code="p">MBA07039</subfield>
    <subfield code="r">2025-07-21 00:00:00</subfield>
    <subfield code="s">2022-04-23</subfield>
    <subfield code="v">298.50</subfield>
    <subfield code="w">2021-07-16</subfield>
    <subfield code="y">BK</subfield>
  </datafield>
  <datafield tag="952" ind1=" " ind2=" ">
    <subfield code="0">0</subfield>
    <subfield code="1">0</subfield>
    <subfield code="2">ddc</subfield>
    <subfield code="4">0</subfield>
    <subfield code="7">0</subfield>
    <subfield code="8">MBA</subfield>
    <subfield code="a">AIMIT</subfield>
    <subfield code="b">AIMIT</subfield>
    <subfield code="d">2009-11-09</subfield>
    <subfield code="g">398.00</subfield>
    <subfield code="i">Bill no:9992; Bill dt:2009-11-06</subfield>
    <subfield code="l">0</subfield>
    <subfield code="o">651.7 RAYC</subfield>
    <subfield code="p">MBA07040</subfield>
    <subfield code="r">2025-07-21 00:00:00</subfield>
    <subfield code="v">298.50</subfield>
    <subfield code="w">2021-07-16</subfield>
    <subfield code="y">BK</subfield>
  </datafield>
  <datafield tag="952" ind1=" " ind2=" ">
    <subfield code="0">0</subfield>
    <subfield code="1">0</subfield>
    <subfield code="2">ddc</subfield>
    <subfield code="4">0</subfield>
    <subfield code="7">0</subfield>
    <subfield code="8">MBA</subfield>
    <subfield code="a">AIMIT</subfield>
    <subfield code="b">AIMIT</subfield>
    <subfield code="d">2009-11-09</subfield>
    <subfield code="g">398.00</subfield>
    <subfield code="i">Bill no:9992; Bill dt:2009-11-06</subfield>
    <subfield code="l">1</subfield>
    <subfield code="o">651.7 RAYC</subfield>
    <subfield code="p">MBA07041</subfield>
    <subfield code="r">2025-07-21 00:00:00</subfield>
    <subfield code="s">2024-05-06</subfield>
    <subfield code="v">298.50</subfield>
    <subfield code="w">2021-07-16</subfield>
    <subfield code="y">BK</subfield>
  </datafield>
  <datafield tag="952" ind1=" " ind2=" ">
    <subfield code="0">0</subfield>
    <subfield code="1">0</subfield>
    <subfield code="2">ddc</subfield>
    <subfield code="4">0</subfield>
    <subfield code="7">0</subfield>
    <subfield code="8">MBA</subfield>
    <subfield code="a">AIMIT</subfield>
    <subfield code="b">AIMIT</subfield>
    <subfield code="d">2009-11-09</subfield>
    <subfield code="g">410.00</subfield>
    <subfield code="i">Bill no:9992; Bill dt:2009-11-06</subfield>
    <subfield code="l">1</subfield>
    <subfield code="o">651.7 RAYC</subfield>
    <subfield code="p">MBA07042</subfield>
    <subfield code="r">2025-07-21 00:00:00</subfield>
    <subfield code="s">2022-03-04</subfield>
    <subfield code="v">307.50</subfield>
    <subfield code="w">2021-07-16</subfield>
    <subfield code="y">BK</subfield>
  </datafield>
  <datafield tag="952" ind1=" " ind2=" ">
    <subfield code="0">0</subfield>
    <subfield code="1">0</subfield>
    <subfield code="2">ddc</subfield>
    <subfield code="4">0</subfield>
    <subfield code="7">3</subfield>
    <subfield code="8">MBA</subfield>
    <subfield code="a">AIMIT</subfield>
    <subfield code="b">AIMIT</subfield>
    <subfield code="d">2009-11-09</subfield>
    <subfield code="g">398.00</subfield>
    <subfield code="i">Bill no:9992; Bill dt:2009-11-06</subfield>
    <subfield code="l">0</subfield>
    <subfield code="o">651.7 RAYC</subfield>
    <subfield code="p">MBA07043</subfield>
    <subfield code="r">2025-07-21 00:00:00</subfield>
    <subfield code="v">298.50</subfield>
    <subfield code="w">2021-07-16</subfield>
    <subfield code="y">BK</subfield>
  </datafield>
  <datafield tag="952" ind1=" " ind2=" ">
    <subfield code="0">0</subfield>
    <subfield code="1">0</subfield>
    <subfield code="2">ddc</subfield>
    <subfield code="4">0</subfield>
    <subfield code="7">0</subfield>
    <subfield code="8">MBA</subfield>
    <subfield code="a">AIMIT</subfield>
    <subfield code="b">AIMIT</subfield>
    <subfield code="d">2009-11-09</subfield>
    <subfield code="g">398.00</subfield>
    <subfield code="i">Bill no:9992; Bill dt:2009-11-06</subfield>
    <subfield code="l">1</subfield>
    <subfield code="o">651.7 RAYC</subfield>
    <subfield code="p">MBA07044</subfield>
    <subfield code="r">2025-07-21 00:00:00</subfield>
    <subfield code="s">2024-05-06</subfield>
    <subfield code="v">298.50</subfield>
    <subfield code="w">2021-07-16</subfield>
    <subfield code="y">BK</subfield>
  </datafield>
  <datafield tag="952" ind1=" " ind2=" ">
    <subfield code="0">0</subfield>
    <subfield code="1">0</subfield>
    <subfield code="2">ddc</subfield>
    <subfield code="4">0</subfield>
    <subfield code="7">0</subfield>
    <subfield code="8">MBA</subfield>
    <subfield code="a">AIMIT</subfield>
    <subfield code="b">AIMIT</subfield>
    <subfield code="d">2009-11-09</subfield>
    <subfield code="g">398.00</subfield>
    <subfield code="i">Bill no:9992; Bill dt:2009-11-06</subfield>
    <subfield code="l">1</subfield>
    <subfield code="o">651.7 RAYC</subfield>
    <subfield code="p">MBA07045</subfield>
    <subfield code="r">2025-07-21 00:00:00</subfield>
    <subfield code="s">2024-05-06</subfield>
    <subfield code="v">298.50</subfield>
    <subfield code="w">2021-07-16</subfield>
    <subfield code="y">BK</subfield>
  </datafield>
  <datafield tag="952" ind1=" " ind2=" ">
    <subfield code="0">0</subfield>
    <subfield code="1">0</subfield>
    <subfield code="2">ddc</subfield>
    <subfield code="4">0</subfield>
    <subfield code="7">0</subfield>
    <subfield code="8">MBA</subfield>
    <subfield code="a">AIMIT</subfield>
    <subfield code="b">AIMIT</subfield>
    <subfield code="d">2009-11-09</subfield>
    <subfield code="g">398.00</subfield>
    <subfield code="i">Bill no:9992; Bill dt:2009-11-06</subfield>
    <subfield code="l">0</subfield>
    <subfield code="o">651.7 RAYC</subfield>
    <subfield code="p">MBA07046</subfield>
    <subfield code="r">2025-07-21 00:00:00</subfield>
    <subfield code="v">298.50</subfield>
    <subfield code="w">2021-07-16</subfield>
    <subfield code="y">BK</subfield>
  </datafield>
</record>
